000 00597nam a2200193 4500
001 114042
003 ES-MaACL
005 20240228185851.0
007 t|
008 061121s1969 sp r ||||1| spa d
100 1 _aPaloczi-Horvath, George.
_988659
245 1 3 _aLa juventud, esperanza del mundo /
_cGeorge Paloczi-Horvath ; traducción de José Mª Pomares.
250 _a1ª ed.
260 _aBarcelona [etc.] :
_bPlaza & Janés,
_c1969.
300 _a366 p. ;
_c22 cm.
700 0 _aPomares, José M.,
_d1943-
_992903
852 _aES-MaACL
_jC-36424
_bR.69352
999 _c114042
_d114042